000 00814cab a2200229 4500
001 ABS58708
008 090401t1998 xxu||||| |||| 00| 0 eng d
035 _a(Sirsi) u86344
041 _aeng
100 _aCrone, P.
245 _aGreen farm power: an opportunity for the uplands?
260 _c1998
350 _a0
490 _aRural Property Bulletin
_vMarch/April 1998, 27-28(2)
520 _aReflects on the progress to date of meeting Government targets for creating more renewable energy sources by 2010. Looks at how the NFFO was designed to encourage the development of such projects, and why it has apparently failed.
650 _aENERGY SOURCES
650 _aNFFO
650 _aRENEWABLE ENERGY
690 _aENVIRONMENTAL AND LAND CONSULTANCY-ENERGY
942 _n0
948 _c21/05/1998
999 _c54336
_d54336